Studies in pure natural phonology: and related topics
שמור ב:
| מחבר תאגידי: | |
|---|---|
| פורמט: | ספר |
| שפה: | אנגלית |
| יצא לאור: |
Florianópolis
Universidad Federal de Santa Catarina, Nucleo de Estudios Linguísticos
1981
|
| סדרה: | UFSC Working papers in linguistics
|
| נושאים: | |
| תגים: |
הוספת תג
אין תגיות, היה/י הראשונ/ה לתייג את הרשומה!
|
MARC
| LEADER | 00000nam a2200000 a 4500 | ||
|---|---|---|---|
| 001 | UCX0582 | ||
| 003 | CL-VaPUC | ||
| 008 | 891115e19810000BL |||||||||||||||||eng|d | ||
| 082 | 0 | 4 | |a 414 |b UNI |2 21 |
| 110 | 2 | |a Universidade Federal de Santa Catarina |e author |9 315996 | |
| 245 | 1 | 0 | |a Studies in pure natural phonology: and related topics |
| 300 | |a 303 p | ||
| 942 | |c BK | ||
| 945 | |d 19891115 00:00:00 | ||
| 260 | |a Florianópolis |b Universidad Federal de Santa Catarina, Nucleo de Estudios Linguísticos |c 1981 | ||
| 650 | 0 | |a Lingüística |9 265068 | |
| 650 | 0 | |a Fonética |9 308371 | |
| 583 | |a last modification |c 19891115 00:00:00 |k Rodrigo Vera | ||
| 490 | 0 | |a UFSC Working papers in linguistics | |
| 999 | |c 222136 |d 222134 | ||
| 952 | |0 0 |1 0 |4 0 |6 414_000000000000000_UNI_1981 |7 0 |8 A |9 216437 |a FDOPOS |b FDOPOS |d 2019-11-15 |i 2850605 |o 414 UNI 1981 |p 2850605 |r 2025-01-22 |w 2019-11-15 |y BK |k MLA | ||